Państwa europejskie z największą liczbą muzułmanów - Statystyki

Ogólne statystyki
  • Ten quiz został rozwiązany 1 970 razy
  • Średni wynik to 7 z 11
Statystyki odpowiedzi
% Kraj % Poprawnych
56.7 Albania
87%
7 - 9 Francja
87%
50.7 Bośnia i Hercegowina
73%
95.6 Kosowo
67%
7.8 Bułgaria
63%
33.3 Macedonia Północna
63%
10 - 15 Rosja
62%
5 Szwecja
60%
19.1 Czarnogóra
58%
5 Belgia
44%
5 Holandia
44%
Nie znaleziono quizów pasujących do podanych kryteriów
Rozkład punktacji
Procent ludzi z każdym wynikiem
Percentyl według liczby udzielonych odpowiedzi
Twoja historia wyników
Nie rozwiązałeś tego quizu